[Event "5th Classic Open 2013"]
[Site "London ENG"]
[Date "2013.12.09"]
[Round "3.11"]
[White "Slavin, Alexey"]
[Black "Shyam, Sundar M."]
[Result "1-0"]
[WhiteTitle "IM"]
[BlackTitle "GM"]
[WhiteElo "2363"]
[BlackElo "2534"]
[WhiteFideId "24104388"]
[BlackFideId "5019141"]
[EventDate "2013.12.07"]

1. d4 Nf6 2. Nf3 e6 3. e3 c5 4. Bd3 d5 5. b3 Nc6 6. a3 cxd4 7. exd4 b6 8. Nbd2
Bb7 9. Bb2 g6 10. O-O Bg7 11. Ne5 O-O 12. f4 Ne7 13. Qe2 Nf5 14. a4 Rc8 15. a5
Ne4 16. Ndf3 bxa5 17. Qe1 Qc7 18. g3 f6 19. Ng4 h5 20. Nf2 h4 21. g4 Qxf4 22.
gxf5 Qxf3 23. Nxe4 Qg4+ 24. Ng3 hxg3 25. Qxe6+ Rf7 26. Rae1 g5 27. Re2 Rc7 28.
Qe8+ Bf8 29. Rg2 Rce7 30. Qb8 gxh2+ 31. Qxh2 Qxg2+ 32. Kxg2 Bc6 33. Ba3 Rh7 34.
Qg3 Re4 35. Bxf8 1-0

[Event "5th Classic Open 2013"]
[Site "London ENG"]
[Date "2013.12.09"]
[Round "3.12"]
[White "Maryasin, Boris"]
[Black "Hamitevici, Vladimir"]
[Result "1-0"]
[WhiteTitle "IM"]
[BlackTitle "IM"]
[WhiteElo "2342"]
[BlackElo "2508"]
[WhiteFideId "2801892"]
[BlackFideId "13902393"]
[EventDate "2013.12.07"]

1. e4 c6 2. d4 d5 3. e5 Bf5 4. Nf3 e6 5. Be2 Nd7 6. O-O Ne7 7. Be3 Bg6 8. Nh4
Nf5 9. Nxf5 Bxf5 10. f4 Bg6 11. Nd2 Be7 12. a4 O-O 13. a5 c5 14. c4 cxd4 15.
Bxd4 Nc5 16. Nb3 Nxb3 17. Qxb3 dxc4 18. Qe3 Bd3 19. Bxd3 cxd3 20. Rfd1 Qd5 21.
Qxd3 Rfd8 22. Qe2 Qb3 23. Bc3 Bc5+ 24. Kh1 a6 25. h3 g6 26. Kh2 Bb4 27. Bd4 Rac8
28. Bb6 Rxd1 29. Rxd1 Rc2 30. Rd8+ Kg7 31. Qg4 Be7 32. Rd7 h5 33. Qg3 Qb4 34.
Bd4 Kf8 35. Qf3 Rc6 36. Bb6 Qxb2 37. Rxb7 Qc1 38. Be3 Qc4 39. Rb6 Rc8 40. Qb7
Rd8 41. Rxa6 Qd5 42. Qxd5 Rxd5 43. Ra8+ Kg7 44. Bb6 g5 45. Re8 Bc5 46. Rd8 Rxd8
47. Bxd8 1-0

[Event "5th Classic Open 2013"]
[Site "London ENG"]
[Date "2013.12.09"]
[Round "3.13"]
[White "Khatanbaatar, Bazar"]
[Black "Semcesen, Daniel"]
[Result "1/2-1/2"]
[WhiteTitle "GM"]
[BlackTitle "IM"]
[WhiteElo "2329"]
[BlackElo "2488"]
[WhiteFideId "4900332"]
[BlackFideId "1706993"]
[EventDate "2013.12.07"]

1. e4 e5 2. Nf3 Nc6 3. d4 exd4 4. Nxd4 g6 5. Nc3 Bg7 6. Be3 Nf6 7. Nxc6 bxc6 8.
Qd2 O-O 9. O-O-O Re8 10. f3 d5 11. exd5 Nxd5 12. Nxd5 Qxd5 13. Qxd5 cxd5 14. Bd4
c6 15. Bxg7 Kxg7 16. Bd3 Kf6 17. Rhe1 Be6 18. Bf1 a5 19. Rd3 1/2-1/2

[Event "5th Classic Open 2013"]
[Site "London ENG"]
[Date "2013.12.09"]
[Round "3.14"]
[White "Harika, Dronavalli"]
[Black "Ansell, Simon T"]
[Result "1/2-1/2"]
[WhiteTitle "GM"]
[BlackTitle "IM"]
[WhiteElo "2487"]
[BlackElo "2374"]
[WhiteFideId "5015197"]
[BlackFideId "402141"]
[EventDate "2013.12.07"]

1. d4 f5 2. g3 Nf6 3. Bg2 e6 4. Nf3 d5 5. O-O Bd6 6. c4 c6 7. Nc3 O-O 8. Qc2 Bd7
9. a3 a5 10. c5 Bc7 11. Na4 Be8 12. b4 axb4 13. axb4 Nbd7 14. Bf4 Bxf4 15. gxf4
Bh5 16. Ne5 Nxe5 17. fxe5 Ng4 18. h3 1/2-1/2

[Event "5th Classic Open 2013"]
[Site "London ENG"]
[Date "2013.12.09"]
[Round "3.15"]
[White "Elsness, Frode"]
[Black "Ortega Ruiz, Jose Miguel"]
[Result "1-0"]
[WhiteTitle "IM"]
[BlackTitle "FM"]
[WhiteElo "2482"]
[BlackElo "2366"]
[WhiteFideId "1501100"]
[BlackFideId "2209713"]
[EventDate "2013.12.07"]

1. d4 Nf6 2. c4 e6 3. Nc3 d5 4. cxd5 exd5 5. Bg5 Nbd7 6. e3 Be7 7. Bd3 Nf8 8.
Nf3 Ne6 9. Bh4 O-O 10. O-O g6 11. b4 Ng7 12. Qb3 c6 13. b5 Bf5 14. Be2 Nd7 15.
Bxe7 Qxe7 16. Rac1 Rfb8 17. Qa4 Qd6 18. Rfd1 Ne8 19. Ne5 Nb6 20. Qa5 f6 21. Nf3
Nc7 22. bxc6 bxc6 23. Nd2 Kg7 24. Nb3 Bd7 25. Bd3 Be6 26. Nc5 Bf7 27. Rb1 Ne8
28. Na6 Rd8 29. Rb3 f5 30. Na4 Nc4 31. Bxc4 dxc4 32. Rb7 Rd7 33. Rxd7 Qxd7 34.
Qe5+ Nf6 35. N6c5 Qd5 36. Qc7 Ne4 37. Qb7 Re8 38. Qb2 Nf6 39. Nc3 Qd6 40. h3 Re7
41. Qd2 Qd8 42. f3 Bd5 43. Re1 Qe8 44. Qe2 Qd8 45. e4 Bf7 46. Qd2 Qa5 47. Rb1
Nd7 48. exf5 Nf6 49. fxg6 hxg6 50. Re1 Rxe1+ 51. Qxe1 Kg8 52. Kf2 Nd5 53. N5e4
Nb4 54. Qd2 Nd3+ 55. Kg1 Qd8 56. Qe3 Kg7 57. Nf2 Nb4 58. Qe5+ Qf6 59. f4 Qxe5
60. dxe5 Nd5 61. Ne2 c3 62. Nd3 c2 63. Kf2 c5 64. Ndc1 Be6 65. g4 Nb4 66. a3 Nc6
67. Ke3 Bd5 68. Kd3 Bg2 69. h4 Bh3 70. g5 Bf5+ 71. Kc4 Nd8 72. Kxc5 Ne6+ 73. Kb5
Nd8 74. Nd4 Be4 75. Ka6 1-0

[Event "5th Classic Open 2013"]
[Site "London ENG"]
[Date "2013.12.09"]
[Round "3.16"]
[White "Balint, Vilmos"]
[Black "Wells, Peter K"]
[Result "1-0"]
[BlackTitle "GM"]
[WhiteElo "2214"]
[BlackElo "2479"]
[WhiteFideId "718050"]
[BlackFideId "400327"]
[EventDate "2013.12.07"]

1. e4 c5 2. Nf3 Nc6 3. d4 cxd4 4. Nxd4 Nf6 5. Nc3 d6 6. Bc4 e6 7. Be3 Be7 8. Qe2
a6 9. Bb3 Qc7 10. O-O-O Na5 11. g4 b5 12. g5 Nxb3+ 13. axb3 Nd7 14. Nf5 exf5 15.
Nd5 Qd8 16. exf5 Bb7 17. f6 gxf6 18. Rhe1 Bxd5 19. Rxd5 Rg8 20. Bf4 Kf8 21. Bxd6
Bxd6 22. Rxd6 fxg5 23. Qd2 Rg6 24. Rxd7 Qf6 25. Ree7 Qxe7 26. Rxe7 Kxe7 27. Qb4+
Kd7 28. Qg4+ Kc7 29. Qf5 Rd8 30. Qxf7+ Rd7 31. Qf5 Rgd6 32. c4 h6 33. Qe5 Kc6
34. Kc2 Rd3 35. Qe4+ Kc5 36. Qxd3 Rxd3 37. Kxd3 a5 38. Kc3 g4 39. Kd3 Kb4 40.
Kd4 1-0

[Event "5th Classic Open 2013"]
[Site "London ENG"]
[Date "2013.12.09"]
[Round "3.17"]
[White "Gharamian, Tigran"]
[Black "Jetzl, Joerg"]
[Result "1-0"]
[WhiteTitle "GM"]
[WhiteElo "2656"]
[BlackElo "2213"]
[WhiteFideId "13301527"]
[BlackFideId "1601172"]
[EventDate "2013.12.07"]

1. e4 e6 2. d4 d5 3. Nc3 Nf6 4. e5 Nfd7 5. f4 c5 6. Nf3 Nc6 7. Be3 Be7 8. Qd2
O-O 9. dxc5 Nxc5 10. O-O-O b6 11. Kb1 Bb7 12. Nd4 Qc7 13. Bb5 Nxd4 14. Bxd4 a6
15. Bd3 b5 16. Rhf1 b4 17. Ne2 Ne4 18. Qe3 f5 19. exf6 Bxf6 20. Bxe4 dxe4 21.
Qb3 Bd5 22. Qxb4 Rfc8 23. Qc3 Qb7 24. Qg3 Bxd4 25. Nxd4 Rab8 26. b3 Qc7 27. Ka1
Rb4 28. c4 Bxc4 29. bxc4 Qxc4 30. Nb3 Qb5 31. Qg5 Qb6 32. Rd7 1-0

[Event "5th Classic Open 2013"]
[Site "London ENG"]
[Date "2013.12.09"]
[Round "3.18"]
[White "Delchev, Aleksander"]
[Black "Gislason, Gudmundur"]
[Result "1-0"]
[WhiteTitle "GM"]
[BlackTitle "FM"]
[WhiteElo "2648"]
[BlackElo "2318"]
[WhiteFideId "2900394"]
[BlackFideId "2300559"]
[EventDate "2013.12.07"]

1. e4 c5 2. Nf3 e6 3. g3 Nf6 4. e5 Nd5 5. Bg2 Nc6 6. O-O Be7 7. d3 O-O 8. c4 Nc7
9. Nc3 Rb8 10. Ne4 b6 11. Bf4 Bb7 12. h4 Ne8 13. d4 Na5 14. Qc2 cxd4 15. Nxd4
Rc8 16. b3 f5 17. exf6 Nxf6 18. Rad1 Qe8 19. Nd6 Bxd6 20. Bxd6 Bxg2 21. Kxg2 Rf7
22. Qe2 h5 23. Nf3 Ng4 24. Ng5 Rf5 25. f3 Nf6 26. Be5 Qg6 27. Rd2 Re8 28. Rfd1
d5 29. Bc3 Nc6 30. Re1 dxc4 31. bxc4 e5 32. Rd6 Nd4 33. Bxd4 exd4 34. Re6 Rf8
35. Re7 d3 36. Qd2 Nh7 37. Ne6 R8f7 38. Re8+ Nf8 39. Qxd3 Qf6 40. Ng5 Rxg5 41.
hxg5 Qxg5 42. R1e5 1-0

[Event "5th Classic Open 2013"]
[Site "London ENG"]
[Date "2013.12.09"]
[Round "3.19"]
[White "Nevednichy, Vladislav"]
[Black "Sreeves, Clement"]
[Result "1/2-1/2"]
[WhiteTitle "GM"]
[WhiteElo "2604"]
[BlackElo "2251"]
[WhiteFideId "1205730"]
[BlackFideId "2402564"]
[EventDate "2013.12.07"]

1. e4 e5 2. Nf3 Nc6 3. Bc4 Bc5 4. c3 Nf6 5. d3 a6 6. O-O Ba7 7. h3 d6 8. Bb3 O-O
9. Re1 Be6 10. Bc2 d5 11. exd5 Qxd5 12. Nbd2 Rad8 13. Qe2 Rfe8 14. Ng5 h6 15.
Nxe6 Qxe6 16. Qf3 Nd5 17. d4 Qf6 18. Qd3 g6 19. Ne4 Qh4 20. Bb3 Kg7 21. Ng3 Nf6
22. Qf3 exd4 23. Bf4 Bb6 24. Kf1 Rxe1+ 25. Rxe1 Rd7 26. Kg1 Bc5 27. Ba4 Bd6 28.
Bxc6 bxc6 29. Bd2 c5 30. a4 Bxg3 1/2-1/2

[Event "5th Classic Open 2013"]
[Site "London ENG"]
[Date "2013.12.09"]
[Round "3.20"]
[White "Hawkins, Jonathan"]
[Black "Osborne, Marcus E"]
[Result "1-0"]
[WhiteTitle "IM"]
[WhiteElo "2512"]
[BlackElo "2286"]
[WhiteFideId "412686"]
[BlackFideId "404608"]
[EventDate "2013.12.07"]

1. d4 e6 2. c4 Nf6 3. Nc3 Bb4 4. e3 b6 5. Ne2 Ne4 6. Qc2 Bb7 7. Nf4 Nxc3 8. bxc3
Bd6 9. Bd3 Bxf4 10. exf4 Bxg2 11. Rg1 Bf3 12. Rxg7 Qh4 13. Rg3 Bb7 14. f5 Qxh2
15. Be4 d5 16. Bf3 Nd7 17. fxe6 fxe6 18. Bg5 Rg8 19. Qe2 Nf8 20. Qe5 Rg6 21.
cxd5 Nd7 22. Qxc7 Rxg5 23. dxe6 Rd8 24. Qf4 Rg7 25. Bxb7 Nb8 26. Qf6 1-0

[Event "5th Classic Open 2013"]
[Site "London ENG"]
[Date "2013.12.09"]
[Round "3.22"]
[White "Vakhidov, Jahongir"]
[Black "Stigar, Petter"]
[Result "1-0"]
[WhiteTitle "IM"]
[BlackTitle "FM"]
[WhiteElo "2452"]
[BlackElo "2240"]
[WhiteFideId "14201801"]
[BlackFideId "1500341"]
[EventDate "2013.12.07"]

1. d4 Nf6 2. c4 e6 3. Nc3 Bb4 4. e3 O-O 5. Ne2 d5 6. a3 Bd6 7. cxd5 exd5 8. g3
c6 9. Bg2 Re8 10. O-O Na6 11. Qd3 Nc7 12. f3 c5 13. dxc5 Bxc5 14. b4 Bf8 15. Bd2
g6 16. g4 Nd7 17. f4 Nf6 18. h3 Bg7 19. f5 Ne4 20. Nxe4 Bxa1 21. N4c3 Bxc3 22.
Bxc3 Qe7 23. e4 dxe4 24. Qd4 f6 25. fxg6 Rd8 26. gxh7+ Kxh7 27. Bxe4+ f5 28. Qc4
b5 29. Rxf5 bxc4 30. Rf7+ Kh6 31. Rxe7 Rd1+ 32. Kf2 Nd5 33. Rh7+ 1-0

[Event "5th Classic Open 2013"]
[Site "London ENG"]
[Date "2013.12.09"]
[Round "3.23"]
[White "Sarkar, Justin"]
[Black "Guthrie, David"]
[Result "1/2-1/2"]
[WhiteTitle "IM"]
[WhiteElo "2425"]
[BlackElo "2195"]
[WhiteFideId "2010011"]
[BlackFideId "4300505"]
[EventDate "2013.12.07"]

1. d4 Nf6 2. c4 g6 3. Nc3 Bg7 4. e4 O-O 5. Be3 d6 6. f3 c5 7. Nge2 Nc6 8. d5 Ne5
9. Ng3 h5 10. Be2 h4 11. Nf1 e6 12. f4 Nxc4 13. Bxc4 b5 14. Nxb5 exd5 15. e5
dxe5 16. fxe5 Bg4 17. Qd2 dxc4 18. Qxd8 Rfxd8 19. exf6 Bxf6 20. Rc1 Rab8 21.
Rxc4 Rd1+ 22. Kf2 Rxb5 23. Rxg4 Rxb2+ 24. Kf3 Rbb1 25. Ke2 Bd4 26. Bd2 Ra1 27.
Rxh4 Rdb1 28. Rh3 Rxa2 29. Ng3 Rxh1 30. Nxh1 c4 31. Kd1 Ra1+ 32. Kc2 Rxh1 33.
Rh4 Be5 34. Re4 f6 35. Rxc4 Rxh2 36. g4 Rg2 37. Kd3 Kf7 38. Ra4 Ke6 39. Be3 Rg3
40. Ke2 Rg2+ 41. Kf3 Rb2 42. Ra6+ Kd5 43. Ra5+ Kc4 44. g5 Rb5 45. Rxb5 Kxb5 46.
gxf6 a5 47. f7 Bg7 48. Kg4 a4 49. Bc1 Kb4 50. Kg5 a3 51. Bxa3+ Kxa3 52. Kxg6 Bf8
53. Kh7 Kb4 54. Kg8 Bc5 55. f8=R Bxf8 1/2-1/2

[Event "5th Classic Open 2013"]
[Site "London ENG"]
[Date "2013.12.09"]
[Round "3.24"]
[White "Franklin, Samuel G A"]
[Black "Summerscale, Aaron P"]
[Result "0-1"]
[WhiteTitle "FM"]
[BlackTitle "GM"]
[WhiteElo "2306"]
[BlackElo "2423"]
[WhiteFideId "468576"]
[BlackFideId "400980"]
[EventDate "2013.12.07"]

1. e4 e6 2. d4 d5 3. Nc3 Nf6 4. Bg5 h6 5. Bxf6 Qxf6 6. exd5 Bb4 7. Bb5+ c6 8.
dxc6 bxc6 9. Be2 O-O 10. Nf3 Rd8 11. a3 Bxc3+ 12. bxc3 c5 13. O-O Nc6 14. Rb1
cxd4 15. cxd4 Nxd4 16. Nxd4 Rxd4 17. Qc1 Bd7 18. Bf3 Rc8 19. Rb7 a5 20. Ra7 Rc3
21. Rd1 Rxf3 22. Rxd4 Qxd4 23. Ra8+ Kh7 24. gxf3 Bc6 25. Rb8 Bxf3 26. Rb3 Qg4+
27. Kf1 Qg2+ 28. Ke1 Qg1+ 29. Kd2 Qxf2+ 30. Kc3 Bd5 31. Rb1 Qf6+ 32. Kd3 Qf5+
33. Kd4 Qe4+ 34. Kc5 Ba2 35. Rb2 Qd5+ 36. Kb6 Qd8+ 37. Ka7 Qc7+ 38. Rb7 Qc5+ 39.
Rb6 Qc7+ 40. Rb7 Qc5+ 41. Rb6 e5 42. Qb2 Bc4 43. Qc3 e4 0-1

[Event "5th Classic Open 2013"]
[Site "London ENG"]
[Date "2013.12.09"]
[Round "3.25"]
[White "Bukojemski, Adam"]
[Black "Houska, Jovanka"]
[Result "0-1"]
[BlackTitle "IM"]
[WhiteElo "2243"]
[BlackElo "2415"]
[WhiteFideId "1114620"]
[BlackFideId "405094"]
[EventDate "2013.12.07"]

1. e4 c6 2. d4 d5 3. Nc3 dxe4 4. Nxe4 Bf5 5. Ng3 Bg6 6. h4 h6 7. Nf3 Nd7 8. h5
Bh7 9. Bd3 Bxd3 10. Qxd3 e6 11. Bd2 Ngf6 12. O-O-O Be7 13. Kb1 c5 14. d5 Nxd5
15. Nf5 O-O 16. c4 exf5 17. Qxd5 Nf6 18. Qxf5 Qc8 19. Nh4 Qc6 20. Rhe1 Rfe8 21.
Bc3 Rad8 22. f3 Rxd1+ 23. Rxd1 a6 24. g4 Nh7 25. Ng2 Ng5 26. Ne1 b5 27. Rd5 bxc4
28. f4 Ne6 29. Rd1 Nd4 30. Bxd4 cxd4 31. Rxd4 Bf6 0-1

[Event "5th Classic Open 2013"]
[Site "London ENG"]
[Date "2013.12.09"]
[Round "3.27"]
[White "Crouch, Colin S"]
[Black "Farrand, Tom"]
[Result "1/2-1/2"]
[WhiteTitle "IM"]
[WhiteElo "2362"]
[BlackElo "2149"]
[WhiteFideId "400947"]
[BlackFideId "406457"]
[EventDate "2013.12.07"]

1. c4 e6 2. g3 f5 3. Bg2 Nf6 4. Nh3 Be7 5. d4 d6 6. Nf4 e5 7. dxe5 dxe5 8. Nd5
Nxd5 9. cxd5 O-O 10. O-O Bd6 11. Nd2 Nd7 12. b3 Qe7 13. Bb2 b6 14. Nc4 a5 15.
Qd2 Ba6 16. Nxd6 cxd6 17. Rfc1 Nc5 18. Ba3 f4 19. Bxc5 bxc5 20. Be4 fxg3 21.
hxg3 Qf6 22. f3 g5 23. Kg2 Bc8 24. Rh1 h6 25. Rh5 Kg7 26. Rah1 Rh8 27. f4 exf4
28. gxf4 Bf5 29. Bxf5 Qxf5 30. fxg5 Qe4+ 31. Kf2 Raf8+ 32. Ke1 Qb1+ 33. Qd1
Qxd1+ 34. Kxd1 hxg5 35. Rxg5+ Kf6 36. Rhg1 Re8 37. R5g3 Ke5 38. Rd3 Reg8 39.
Rxg8 Rxg8 40. Kd2 Rg2 41. a4 Rg4 42. Kc3 Rh4 43. Rd1 Rb4 1/2-1/2

[Event "5th Classic Open 2013"]
[Site "London ENG"]
[Date "2013.12.09"]
[Round "3.28"]
[White "Longson, Alexander"]
[Black "Smith, Andrew Philip"]
[Result "1/2-1/2"]
[WhiteTitle "FM"]
[BlackTitle "FM"]
[WhiteElo "2333"]
[BlackElo "2132"]
[WhiteFideId "408093"]
[BlackFideId "2500833"]
[EventDate "2013.12.07"]

1. e4 e6 2. d4 d5 3. Nc3 Nc6 4. Nf3 Nf6 5. e5 Ne4 6. Bd3 Bb4 7. Bd2 Nxd2 8. Qxd2
f6 9. a3 Be7 10. Bb5 O-O 11. exf6 gxf6 12. O-O Kh8 13. Rfe1 Rg8 14. g3 Qf8 15.
Bf1 Qf7 16. Bh3 Qh5 17. Bg2 Bd7 18. Rad1 Rae8 19. Re2 a6 20. Rde1 Bd6 1/2-1/2

[Event "5th Classic Open 2013"]
[Site "London ENG"]
[Date "2013.12.09"]
[Round "3.29"]
[White "Wall, Gavin"]
[Black "Leung, Ho Yan Andrew"]
[Result "1-0"]
[WhiteTitle "IM"]
[WhiteElo "2328"]
[BlackElo "1708"]
[WhiteFideId "2501244"]
[BlackFideId "6000290"]
[EventDate "2013.12.07"]

1. e4 c5 2. Nf3 e6 3. c3 Nf6 4. e5 Nd5 5. Na3 Nc6 6. g3 d6 7. exd6 Bxd6 8. Bg2
O-O 9. O-O a6 10. Nc4 Be7 11. a4 Bf6 12. a5 Re8 13. d3 Qc7 14. Re1 h6 15. Nfd2
Bd7 16. Nb3 Nce7 17. Ne3 Rad8 18. Ng4 Nf5 19. c4 h5 20. Nxf6+ Nxf6 21. Bg5 Bc6
22. Bxf6 gxf6 23. Bf1 h4 24. Nxc5 hxg3 25. hxg3 Kh7 26. Ne4 Rh8 27. Nxf6+ Kg7
28. Ne4 Rh6 29. Bg2 Nd4 30. Qd2 f5 31. Ng5 Bxg2 32. Kxg2 Qc6+ 33. f3 Rdh8 34.
Rh1 Rxh1 35. Rxh1 Rxh1 36. Kxh1 Nxf3 37. Nxf3 Qxf3+ 38. Kh2 Kf6 39. b4 e5 40. b5
e4 41. dxe4 fxe4 42. Qf4+ 1-0

[Event "5th Classic Open 2013"]
[Site "London ENG"]
[Date "2013.12.09"]
[Round "3.30"]
[White "Woong, Zhi Wei William"]
[Black "Sowray, Peter J"]
[Result "0-1"]
[BlackTitle "FM"]
[WhiteElo "1837"]
[BlackElo "2326"]
[WhiteFideId "5804906"]
[BlackFideId "400971"]
[EventDate "2013.12.07"]

1. e4 e6 2. d4 d5 3. Nc3 Bb4 4. e5 c5 5. a3 Bxc3+ 6. bxc3 Ne7 7. Nf3 Bd7 8. Be2
Ba4 9. Rb1 Qc7 10. O-O Nd7 11. Bb5 Bxb5 12. Rxb5 Rc8 13. Be3 cxd4 14. cxd4 Nb6
15. Ne1 O-O 16. Nd3 Nc4 17. Rb3 b6 18. Nb4 a5 19. Nd3 Nf5 20. Nb2 Ncxe3 21. fxe3
Qxc2 22. Qxc2 Rxc2 23. Rf2 Rc6 24. Na4 f6 25. exf6 Rxf6 26. g3 Rc1+ 27. Kg2 Re1
28. Rf3 Re2+ 29. Kg1 b5 30. Nc3 Rxe3 31. Nxd5 exd5 32. Rbxe3 Nxe3 33. Rxe3 Rb6
34. Re8+ Kf7 35. Ra8 b4 36. axb4 axb4 37. Ra2 b3 38. Rb2 Kf6 39. Kf2 Kf5 40. Kf3
h5 41. h3 Ke6 42. Kf4 Kd7 43. Ke5 Kc6 44. Ke6 Rb4 45. Rb1 b2 46. Ke5 Rb3 47. g4
hxg4 48. hxg4 Re3+ 49. Kf5 Re2 50. g5 Kb5 51. Kg6 Rg2 52. Kxg7 Rxg5+ 53. Kf6 Rg2
54. Rd1 Re2 55. Kf5 Kc4 0-1

[Event "5th Classic Open 2013"]
[Site "London ENG"]
[Date "2013.12.09"]
[Round "3.31"]
[White "Williams, Simon K"]
[Black "Okike, David"]
[Result "1-0"]
[WhiteTitle "GM"]
[WhiteElo "2461"]
[BlackElo "2150"]
[WhiteFideId "404454"]
[BlackFideId "8500134"]
[EventDate "2013.12.07"]

1. c4 Nf6 2. Nc3 g6 3. d4 d6 4. e4 Bg7 5. Be2 O-O 6. Be3 Nbd7 7. Qd2 e5 8. d5
Nc5 9. f3 a5 10. g4 Ne8 11. O-O-O f5 12. gxf5 gxf5 13. Bd3 f4 14. Bf2 Bd7 15.
Nge2 Qg5 16. Bc2 b6 17. Ng3 Bh3 18. Nf5 Qh5 19. Bxc5 bxc5 20. Nxg7 Nxg7 21. Qf2
Rf6 22. Rhg1 Kh8 23. Ba4 Rf7 24. Bc6 Rb8 25. Nb5 Ne8 26. Kc2 Nf6 27. Kb3 Nd7 28.
Bxd7 Bxd7 29. a4 Bh3 30. Ka2 Ra8 31. Rd3 Qh6 32. Rb3 Qf6 33. Ka3 Qe7 34. Na7
Rff8 35. Nc6 Qf6 36. Rb7 Rfc8 37. Na7 Rab8 38. Rxb8 Rxb8 39. Nc6 Ra8 40. Qd2 Bd7
41. Nxa5 Qf7 42. b3 h6 43. Nc6 Kh7 44. Kb2 Bh3 45. Qf2 Qf6 46. a5 Bd7 47. Ra1
Bc8 48. Rg1 Bd7 49. Qg2 Qf7 50. Ne7 Re8 51. Nc6 Ra8 52. Ra1 Rg8 53. Qf2 Qf6 54.
a6 Ra8 55. a7 Bc8 56. Qg2 Qg5 57. Qf2 Bb7 58. Nb8 Bc8 59. Kc3 Bh3 60. Ra2 Qd8
61. Nc6 Qg5 62. b4 cxb4+ 63. Kxb4 Bd7 64. Nb8 Qd8 65. Kc3 Be8 66. Ra1 Bh5 67.
Nc6 Qg5 68. Rg1 Qf6 69. Rb1 Be8 70. Rb8 Bxc6 71. dxc6 d5 72. Qg1 d4+ 73. Kd3 1-0

[Event "5th Classic Open 2013"]
[Site "London ENG"]
[Date "2013.12.09"]
[Round "3.32"]
[White "Sathyanandha, Saravanan"]
[Black "Bartel, Mateusz"]
[Result "0-1"]
[BlackTitle "GM"]
[WhiteElo "2144"]
[BlackElo "2649"]
[WhiteFideId "470929"]
[BlackFideId "1112635"]
[EventDate "2013.12.07"]

1. e4 e6 2. d3 c5 3. Nf3 Nc6 4. g3 g6 5. Bg2 Bg7 6. O-O Nge7 7. Re1 d6 8. c3 e5
9. a4 O-O 10. Na3 h6 11. Nc4 Be6 12. Ne3 Qd7 13. Nd2 Rad8 14. Nd5 Bh3 15. a5
Bxg2 16. Kxg2 f5 17. Qe2 Qe6 18. Nxe7+ Qxe7 19. exf5 Rxf5 20. f4 Qf7 21. Ne4 Qd5
22. Qf3 Kh8 23. h4 exf4 24. gxf4 Ne5 25. Qe3 Nxd3 0-1

[Event "5th Classic Open 2013"]
[Site "London ENG"]
[Date "2013.12.09"]
[Round "3.34"]
[White "Andersson, Tommy"]
[Black "Quinn, John M"]
[Result "1-0"]
[WhiteTitle "FM"]
[WhiteElo "2370"]
[BlackElo "2130"]
[WhiteFideId "1703803"]
[BlackFideId "405043"]
[EventDate "2013.12.07"]

1. d4 Nf6 2. c4 c5 3. d5 b5 4. cxb5 a6 5. f3 e6 6. e4 exd5 7. e5 Qe7 8. Qe2 Ng8
9. Nc3 Bb7 10. Nh3 c4 11. Be3 axb5 12. Nf4 Qb4 13. O-O-O Ne7 14. Qf2 Qa5 15. Bb6
Qb4 16. Rxd5 Qxc3+ 17. bxc3 Nxd5 18. Nxd5 Ba3+ 19. Kb1 Bxd5 20. Bc5 Bc6 21. Bxa3
Rxa3 22. Qc5 Ra8 23. Be2 h5 24. e6 fxe6 25. Rd1 Na6 26. Qd6 Rh6 27. f4 e5 28.
Bxh5+ Rxh5 29. Qg6+ Kf8 30. Qxh5 Be4+ 31. Ka1 Nc5 32. Qxe5 Rc8 33. f5 Bd3 34.
Re1 Kg8 35. Qd5+ Kf8 36. Qd6+ Kg8 37. Re7 1-0

[Event "5th Classic Open 2013"]
[Site "London ENG"]
[Date "2013.12.09"]
[Round "3.35"]
[White "Ben Artzi, Ido"]
[Black "Maduekwe, Chiedu"]
[Result "1-0"]
[WhiteElo "2341"]
[BlackElo "2126"]
[WhiteFideId "2810913"]
[BlackFideId "8500118"]
[EventDate "2013.12.07"]

1. d4 d5 2. c4 c6 3. Nf3 Nf6 4. e3 a6 5. Nc3 b5 6. b3 Bg4 7. h3 Bxf3 8. Qxf3 e6
9. Bd2 Nbd7 10. Bd3 Be7 11. O-O O-O 12. Rac1 Re8 13. g4 h6 14. Qg2 b4 15. Na4 e5
16. cxd5 cxd5 17. Rc6 e4 18. Bxa6 Rxa6 19. Rxa6 Qc8 20. Rxf6 Nxf6 21. Rc1 Qb8
22. Nc5 Nh7 23. h4 Bxh4 24. Qh2 Ng5 25. Qxb8 Nf3+ 26. Kg2 Rxb8 27. Rc2 Be7 28.
Na6 Ra8 29. Nxb4 Nxd2 30. Nxd5 Nf3 31. Nxe7+ Kf8 32. Rc8+ 1-0

[Event "5th Classic Open 2013"]
[Site "London ENG"]
[Date "2013.12.09"]
[Round "3.36"]
[White "Hebbes, Tim"]
[Black "Richardson, John R"]
[Result "1/2-1/2"]
[BlackTitle "FM"]
[WhiteElo "2104"]
[BlackElo "2340"]
[WhiteFideId "406570"]
[BlackFideId "401617"]
[EventDate "2013.12.07"]

1. e4 c6 2. d4 d5 3. e5 Bf5 4. Nf3 e6 5. Be2 c5 6. O-O Nc6 7. Be3 cxd4 8. Nxd4
Nge7 9. f4 Nxd4 10. Bxd4 Nc6 11. c3 Be7 12. Nd2 Nxd4 13. cxd4 O-O 14. g4 Be4 15.
Nxe4 dxe4 16. Qd2 Qb6 17. Qe3 Rfd8 18. Rfd1 Rd7 19. Qxe4 Rad8 20. Kg2 Rxd4 21.
Qf3 Rxd1 22. Rxd1 Rxd1 23. Bxd1 Qxb2+ 24. Qf2 Qc1 25. Bc2 Bh4 26. Bxh7+ 1/2-1/2

[Event "5th Classic Open 2013"]
[Site "London ENG"]
[Date "2013.12.09"]
[Round "3.37"]
[White "Bates, Richard A"]
[Black "Compton, Alistair"]
[Result "1/2-1/2"]
[WhiteTitle "IM"]
[WhiteElo "2338"]
[BlackElo "2101"]
[WhiteFideId "403555"]
[BlackFideId "4300645"]
[EventDate "2013.12.07"]

1. d4 e6 2. c4 d5 3. Nf3 c5 4. cxd5 exd5 5. g3 Nc6 6. Bg2 Nf6 7. O-O Be7 8. dxc5
Bxc5 9. a3 Ne4 10. b4 Be7 11. Bb2 O-O 12. Nd4 Nxd4 13. Bxd4 Bf6 14. f3 Nd6 15.
Nc3 Bxd4+ 16. Qxd4 Be6 17. e4 dxe4 18. fxe4 Nc4 19. Nd5 Bxd5 20. exd5 Nd6 21.
Rf2 a5 22. Rc1 1/2-1/2